Reorganización del sistema de repuestos del Ministerio de Obras Públicas y Transportes
Guardado en:
| Autor principal: | |
|---|---|
| Otros Autores: | , , , , |
| Formato: | Libro |
| Publicado: |
[San José , Costa Rica]
1986
|
| Materias: | |
| Etiquetas: |
Agregar Etiqueta
Sin Etiquetas, Sea el primero en etiquetar este registro!
|
MARC
| LEADER | 00000nam a2200000Ia 4500 | ||
|---|---|---|---|
| 003 | 004134 | ||
| 005 | 20221231144357.0 | ||
| 008 | 140114s1986 cr a m 000 ||s d | ||
| 040 | |c cru CEDI | ||
| 090 | |a TFG 1780 | ||
| 100 | |a Delgado Pineda, Luis |9 14275 | ||
| 245 | |a Reorganización del sistema de repuestos del Ministerio de Obras Públicas y Transportes | ||
| 260 | |c 1986 |a [San José , Costa Rica] | ||
| 300 | |a 3 volúmenes : ilustraciones ; 28 cm | ||
| 500 | |a Proyecto de graduacion (bachillerato en ingenieria industrial)--Universidad de Costa Rica. Facultad de Ingenieria. Escuela de Ingenieria Industrial | ||
| 501 | |a Contenido: v. 1. Diagnóstico--v. 2. Diseño del sistema de información. v. 3. Propuesta de la Gestión Administrativa | ||
| 650 | |x COSTA RICA.. MINISTERIO DE OBRAS PUBLICAS Y TRANSPORTES. SISTEMA DE REPUESTOS - PROGRAMAS PARA COMPUTADORA |x COSTA RICA.. MINISTERIO DE OBRAS PUBLICAS Y TRANSPORTES - EQUIPO Y ACCESORIOS |9 14277 | ||
| 700 | |9 11523 |a Durán Jiménez, Marlene | ||
| 700 | |9 11814 |a Barboza Jiménez, Mario | ||
| 700 | |9 11815 |a Chaves Díaz, Edwin | ||
| 700 | |9 11816 |a Romero Armas, Javier | ||
| 700 | |9 14276 |a Montoya Bolaños, Rodrigo | ||
| 942 | |c TFG | ||
| 999 | |c 20971 |d 20971 | ||
